Normal view MARC view
  • Williams, J. C.

Entry Personal Name

Number of records used in: 1

001 - CONTROL NUMBER

  • control field: 82909

003 - CONTROL NUMBER IDENTIFIER

  • control field: NUST

005 - DATE AND TIME OF LATEST TRANSACTION

  • control field: 20211001113011.0

008 - FIXED-LENGTH DATA ELEMENTS

  • fixed length control field: 211001|| aca||aabn | a|a d

040 ## - CATALOGING SOURCE

  • Original cataloging agency: NUST
  • Transcribing agency: NUST

100 ## - HEADING--PERSONAL NAME

  • Personal name: Williams, J. C.
  • Fuller form of name: (James Case),
  • Dates associated with a name: 1938-

670 ## - SOURCE DATA FOUND

  • Source citation: Work cat.: (NUST)32569: Lütjering, G. (Gerd) 82907, Titanium, c2007.
© 2023 Central Library, National University of Sciences and Technology. All Rights Reserved.